Sports Quiz

Random Sports or Hockey Quiz

Most Valuable Big 4 Athlete: Miami Quiz Stats

 Plays Quiz not verified by Sporcle

Score 0/49 Timer 10:00
0 Plays Today
Year Athlete % Correct
2011 LeBron James (Heat SF)
92.9%
2012LeBron James (Heat SF)
92.9%
2013 LeBron James (Heat PF)
92.9%
2014LeBron James (Heat PF)
92.9%
2007Dwyane Wade (Heat SG)
88.2%
2009Dwyane Wade (Heat SG) and Tomas Vokoun (Panthers G)
88.2%
1984Dan Marino (Dolphins QB)
85%
1987Dan Marino (Dolphins QB)
85%
1988Dan Marino (Dolphins QB)
85%
1989 Dan Marino (Dolphins QB)
85%
1991Dan Marino (Dolphins QB)
85%
2008Tomas Vokoun (Panthers G)
70.9%
2010Tomas Vokoun (Panthers G)
70.9%
2017Giancarlo Stanton (Marlins RF)
67.9%
1977Jim Langer (Dolphins C), Bob Griese (Dolphins QB), and Nat Moore (Dolphins WR)
66.1%
1978Delvin Williams (Dolphins RB)
60.6%
2002Ricky Williams (Dolphins RB)
60.6%
1999Alonzo Mourning (Heat C)
59.8%
1974Larry Little (Dolphins G) and Jim Langer (Dolphins C)
54.3%
1975Larry Little (Dolphins G) and Jim Langer (Dolphins C)
54.3%
1976Jim Langer (Dolphins C)
54.3%
1972 Larry Little (Dolphins G) and Bill Stanfill (Dolphins DE)
52%
1996 Kevin Brown (Marlins P)
44.9%
2005Dontrelle Willis (Marlins P)
37%
2001Pavel Bure (Panthers RW)
33.9%
Year Athlete % Correct
2000 Pavel Bure (Panthers RW)
33.9%
2003Roberto Luongo (Panthers G)
30.7%
2004Roberto Luongo (Panthers G)
30.7%
2006Roberto Luongo (Panthers G)
30.7%
2015Roberto Luongo (Panthers G)
30.7%
2016Roberto Luongo (Panthers G)
30.7%
1997Tim Hardaway (Heat PG)
29.9%
1995Glen Rice (Heat SF)
29.1%
1998Zach Thomas (Dolphins LB)
27.6%
1994 John Vanbiesbrouck (Panthers G)
23.6%
1970 Jim Kiick (Dolphins RB)
21.3%
1971 Paul Warfield (Dolphins WR)
21.3%
1973 Dick Anderson (Dolphins S)
18.1%
1985Dwight Stephenson (Dolphins C)
14.2%
1986Dwight Stephenson (Dolphins C)
14.2%
1990John Offerdahl (Dolphins LB)
8.7%
1992Bryan Cox (Dolphins LB)
7.9%
1993 Richmond Webb (Dolphins OT)
7.9%
1979Bob Baumhower (Dolphins NT)
7.1%
1980 Bob Baumhower (Dolphins NT)
7.1%
1981Bob Baumhower (Dolphins NT) and Ed Newman (Dolphins G)
7.1%
1982Bob Baumhower (Dolphins NT)
7.1%
1983Doug Betters (Dolphins DE)
7.1%
1969 Donnie Freeman (Floridians SG)
2.4%

You're not logged in!

Compare scores with friends on all Sporcle quizzes.
OR
Log In

Sporcle TV

Today on Sporcle TV


Watch our educational content, quiz creation guides, and fun videos on Sporcle TV.

Show Comments

Extras

Top Quizzes Today


Score Distribution

Your Account Isn't Verified!

In order to create a playlist on Sporcle, you need to verify the email address you used during registration. Go to your Sporcle Settings to finish the process.

Report this User

Report this user for behavior that violates our Community Guidelines.

Details: